000 01165cam a22002411i 4500
003 SA-RiAUC
005 20241230081336.0
008 241227s1984 su g f00010 ara c
040 _aSA-RiAUC
_bara
_cSA-RiAUC
_erda
082 0 4 _a213
_qSA-RiAUC
090 _a213
_bج ا م
100 1 _aالجامي، محمد أمان بن علي،
_d1349-1416 هجري
_eمؤلف.
245 1 0 _aأضواء على طريق الدعوة إلى الإسلام /
_cتأليف محمد أمان بن علي الجامي ؛ راجع الكتاب وخرج نصوصه عبد الرحمن عبد الجبار الغريواني.
264 1 _aالرياض :
_bالرئاسة العامة لإدارات البحوث العلمية والإفتاء والدعوة والإرشاد،
_c1984
300 _a304 صفحة ؛
_c24 سم
336 _aنص
_btxt
_2rdacontent
_3كتاب
337 _aبدون وسيط
_bn
_2rdamedia
338 _aمجلد
_bnc
_2rdacarrier
650 7 _aالدعوة الإسلامية
_2aucsh
700 1 _aالغريواتي، عبد الرحمن بن عبد الجبار
_eمراجع.
942 _2ddc
_cBOOK
_n0
949 _aSA-JeALM
_d241227
_umohamedma123
_n1
999 _c4102
_d4102